ESPIRITU Y MUNDO DEL ANTIGUO TESTAMENTO/

TRADUCCION DE: THE TWO-EDGED SWORD

Guardat en:
Dades bibliogràfiques
Autor principal: Mackenzie, John L. (autor)
Format: Llibre
Col·lecció:BIBLIA Y KERIGMA; 2
Matèries:
Etiquetes: Afegir etiqueta
Sense etiquetes, Sigues el primer a etiquetar aquest registre!

MARC

LEADER 00000nam^a2200000^a^4500
001 000228054
005 20250521000000.0
009 20260310104310.181
035 |a 048027 
037 |a Acervo Xavier Clavigero 
082 |a 221. 95  |b MAC 
100 |a Mackenzie, John L.  |e (autor) 
245 1 0 |a ESPIRITU Y MUNDO DEL ANTIGUO TESTAMENTO/  |c JOHN L. MACKENZIE, S.J.; TR. ALFREDO OLTRA 
264 |a ESTELLA NAVARRA, ESPAÑA :  |b VERBO DIVINO,  |c 1968 
300 |a 448p. 
336 |a texto  |b txt  |2 rdacontenido 
337 |a sin mediación  |b n  |2 rdamedio 
338 |a volumen  |b nc  |2 rdasoporte 
440 |a BIBLIA Y KERIGMA;  |v 2 
520 |a TRADUCCION DE: THE TWO-EDGED SWORD 
520 |a INCLUYE BIBLIOGRAFIA E INDICE 
649 |a XX 
650 |a Biblia -  |x Historia y Crítica 
910 |a Fondo General 
920 |a Impresos - Libros 
930 |a Colección General 
905 |a 101 
901 |a 048027  |b IT1  |c ACC  |i 048027  |u 20250521 
902 |a https://opac.biblio.iteso.mx/vufind/Record/000228054